00941cam a2200277 a 450000100060000000300100000600500170001600700030003300800410003602000180007704000260009508200140012110000420013524500910017725000120026830000270028033600270030733700330033433800280036750400310039565000430042694200120046999000450048199900170052695201200054359286CO-BoRNBP20250929225523.0ta150827s2014 mx a gr 000 0 spa  a9786071717078 aCO-BoBNbspacCO-BoBN04a371.22201 aRuiz Cantisani, María Ileana96516110aSistema de planeación para instituciones educativas /cMaría Ileana Ruiz Cantisani a2a. ed. a104 p. :bil. ;c24 cm 2rdacontentatextobtxt 2rdamediaasin mediaciónbn 2rdacarrieravolumenbnc aBibliografía: p. 103-10414aPlanificación educativa2LEMB914025 2ddccBK a2015-8472bEditorial Trillas de Colombia c59286d59286 00102ddc4070aMELEJANIbMELEJANIcGENd2025-09-29l0o371.2pLEJ00881r2025-09-29 22:55:43tEj.1w2025-09-29yBK